LEADER 01401oam 2200409I 450 001 9910699580603321 005 20230902161651.0 035 $a(CKB)5470000002403117 035 $a(OCoLC)832110622 035 $a(EXLCZ)995470000002403117 100 $a20150710d2009 ua 0 101 0 $aeng 135 $aurmn||||||||| 181 $ctxt$2rdacontent 182 $cc$2rdamedia 183 $acr$2rdacarrier 200 10$aCharacterization, processing, and consolidation of nanoscale tungsten powder /$fBradley R. Klotz [and four others] 210 1$aAberdeen Proving Gorund, MD :$cArmy Research Laboratory,$d[2009] 215 $a1 online resource (vi, 30 pages) $cillustrations (some color) 225 1 $aARL-TR ;$v5045 300 $aTitle from title screen (viewed on Aug. 5, 2015). 300 $a"December 2009." 320 $aIncludes bibliographical references (page 25). 410 0$aARL-TR (Aberdeen Proving Ground, Md.) ;$v5045. 606 $aTungsten compounds 606 $aNanochemistry 615 0$aTungsten compounds. 615 0$aNanochemistry. 700 $aKlotz$b Bradley R.$01391714 712 02$aU.S. Army Research Laboratory, 801 0$bDTICE 801 1$bDTICE 801 2$bGPO 906 $aBOOK 912 $a9910699580603321 996 $aCharacterization, processing, and consolidation of nanoscale tungsten powder$93445705 997 $aUNINA